Fußballer die mal in der Bundesliga gespielt haben - Sudden Death - Statistiken

Allgemein
  • Dieses Quiz wurde 974 mal gespielt
  • Das Durchschnittsergebnis liegt bei 12 aus 15
Answers on the Grid
Answers color-coded by a green-red scale on the quiz's grid according to % correct below.
Arturo Vidal
Christian Poulsen
Daniele de Rossi
David de Gea
Edin Dzeko
Erling Haaland
Gabriel Jesus
Heung-Min Son
Jann-Fiete Arp
Jude Bellingham
Kai Havertz
Kevin de Bruyne
Lautaro Martínez
Lothar Matthäus
Matthijs de Light
Per Mertesacker
Robert Huth
Roberto Firmino
Shinji Kagawa
Vincent Kompany
 
Antwortstatistiken
Antwort % Korrekt
Arturo Vidal
92%
Erling Haaland
92%
Lothar Matthäus
92%
Jude Bellingham
91%
Kai Havertz
91%
Kevin de Bruyne
91%
Heung-Min Son
87%
Jann-Fiete Arp
86%
Edin Dzeko
85%
Matthijs de Light
85%
Per Mertesacker
84%
Shinji Kagawa
76%
Roberto Firmino
72%
Vincent Kompany
71%
Christian Poulsen
54%
Keine übereinstimmenden Quizze gefunden
Verteilung der Resultate
Anzahl Personen mit jedem Resultat
Perzentil nach korrekt beantworteten Fragen
Ihre Resultats-Entwicklung
Sie haben dieses Quiz noch nicht gespielt